000 01674nam a2200289Ia 4500
999 _c34745
_d34745
001 535
003 GE_BSU
005 20200120143036.0
008 190422b2007 ge ||||| |||| 00| 0 geo d
020 _a9789941000966
040 _cGE_BSU
041 _ageo
080 _a616.07(075.8)+616-071.2(075.8) ბ-67
100 _aბიკლი, ლინ ს.
_9352
245 _aბეიტსის კლინიკური გამოკვლევის საფუძვლები./
_cლინ ს. ბიკლი, პეტერ გ. სცილაგუი ; [მთარგმნ.: ირმა მამაცაშვილი, მარინე ჩხაიძე ; რედ. რევაზ თაბუკაშვილი ; პროექტის ხელმძღვ. ნანა სებისკვერაძე ; წინასიტყვ. გიორგი მენაბდე].
250 _aმე-9 გამოც.
264 _aთბილისი :
_bთბილისის სახელმწიფო სამედიცინო ინსტიტუტი ,
_c2007.
300 _a902გვ. ;
_bილ. :
_c28 სმ.
541 _h40ლ.
653 _aმედიცინა
653 _aკლინიკური დიაგნოსტიკა
653 _a ანამნეზი
700 _dთაბუკაშვილი, რევაზ
_eრედაქტორი
_9353
700 _eავტორი
_aსცილაგუი, პეტერ გ.
_96252
700 _eმთარგმნელი
_aმამაცაშვილი, ირმა
_96253
942 _cBK
_2udc